000 00740nam a2200217Ii 4500
003 JO-AjNU
008 230605s9999||||xx |||||||||||||| ||und||
017 _a2009/1/317
040 _aJO-AjNU
_bara
_erda
_cJO-AjNU
041 _aara
050 1 4 _aHF5655.A7.A2874 2010
100 3 _aتأليف: ابو شمالة، احمد محمد,
_eauthor
_930446
245 0 0 _aدراسات في المحاسبة المالية
250 _aط1 العربية
264 3 1 _aعمان: مكتبة المجتمع العربي للنشر والتوزيع، 2010
300 _a347ص
336 _atext
_btxt
_2rdacontent
337 _aunmediated
_bn
_2rdamedia
338 _avolume
_bnc
_2rdacarrier
650 4 _aالمحاسبة المالية
_930447
999 _aA12070
_c15638
_d15638